000 00999cad a22002055a 4500
001 L154518
008 111218s2011 xxk f 000 0 eng d
035 _a(Sirsi) u154518
041 0 _aeng
110 2 _aUnited Kingdom
_bHM Government
_95056
245 0 0 _aGovernment construction and infrastructure pipeline
_bNovember 2011
_h[electronic resource]
260 _aLondon
_bHM Government
_c2011
520 _aThe updated version of the Funded Construction Pipeline follows the commitments stated in the Plan for Growth at Budget 2011 and consolidates the Government Funded Construction Pipeline and the National Infrastructure Plan pipeline for public, regulated and private sector infrastructure.
590 _aKA NTK
651 4 _aUnited Kingdom
_y
690 _aProcurement
_96260
690 _aBUILT ENVIRONMENT-CONSTRUCTION MARKET
856 4 0 _uhttps://data.gov.uk/construction-and-infrastructure-pipeline
_zView the website and open the attached pipeline data at data.gov.uk
_z
942 _n0
999 _c113024
_d113024